Регионална библиотека "Любен Каравелов" - Русе

Политиката отвътре (Запис номер 475359)

MARC детайли
000 -Лидер
Контролно поле с фиксирана дължина 01089nam a2200277 a 4500
005 - Дата и час на последна редакция
Контролно поле 20250128005515.0
008 - Елементи от данни с фиксирана дължина
fixed length control field 180411b bul|||||r ||||||| ||bul||
020 ## - Международен стандартен номер на книга ISBN
Международен стандартен номер на книга ISBN 9789542840381
040 ## - Източник на каталожния запис
Идентификатор на билиотеката - собственик на записа BLK
041 ## - Код за език
Код за езика на текст/звукозапис или на отделно заглавие Български
Код за езика КДБФ Български
080 ## - УДК
Текстов определител УДК Политика. Вж и 341 ; 342
УДК код - определител по УДК 32
УДК - код + определител 32
080 ## - УДК
Текстов определител УДК Вътрешна политика. Вж и 329
УДК код - определител по УДК 323
УДК определител (497.2)
УДК - код + определител 323(497.2)
100 ## - Редна дума - Автор
Автор Костов, Иван Йорданов
Авторска отговорност първи автор
R(LIN) 270186
139 ## - Редно поле
Редна дума Костов, Иван Йорданов
Авторски знак Кос - К 86
245 10 - Сведения за заглавието
Заглавие Политиката отвътре
Редно поле (дума) Иван Костов.
257 ## - Страна на издаване
Страна на създаване/издаване България
260 ## - Област на издателските данни
Място на издаване, разпространение и проч. София
Име на издателя, разпространителя и проч. Сиела Норма
Година на издаване 2022
9 (RLIN) 217021
Издателство - префикс ISBN 978-954-28-
300 ## - Физическа характеристика
Страници 400 с.
Размери/Мащаб 23 см
380 ## - Жанр
Жанр Обществени науки
650 #7 - Допълнително описание по предмет – тема
Основно описание – тема или топоним Политика
9 (RLIN) 166818
650 #7 - Допълнително описание по предмет – тема
Основно описание – тема или топоним Преход от тоталитаризъм към демокрация
9 (RLIN) 167723
650 #0 - Допълнително описание по предмет – тема
Основно описание – тема или топоним България - вътрешна политика
9 (RLIN) 241559
852 ## - Местоположение
Фондова буква Заемна - подръчен фонд
Систематично-азбучна сигнатура П 32/К 86 И
999 ## - СИСТЕМНИ КОНТРОЛНИ НОМЕРА
Koha biblionumber 475359
Koha biblioitemnumber 475359
942 ## - АРТИКУЛИ
Вид на библиотечния материал Книги
Скрит в OPAC Не
Периодичен библиозапис Да
Koha issues (borrowed), all copies 10
944 ## - СЪЗДАВАНЕ И РЕДАКЦИЯ на ЗАПИСА
Създаване/Редакция Създаване
Дата на регистрацията/редакция 2022-10-07
Служител, извършил регистрацията/редакцията
Статус, дата на статуса CRON CRON
Наличности
Код за отписване Код за изгубен артикул Източник на класификационната схема Код за повреда Коз за рестрикции Код за отдаване Артикулен № Име на библиотеката - собственик Име на библиотеката, в която се намира в момента Статус (Текущо местоположение) Дата на вписване в системата Местоположение - отдел Цена в лева Систематично азбучна сигнатура Баркод Цена в евро Служебен тип на артикула
  Не е изгубен Universal Decimal Classification Не е повреден без рестрикции заемане за дома 906915 Регионална библиотека "Любен Каравелов" Русе Регионална библиотека "Любен Каравелов" Русе Заемна - подръчен фонд 2022-10-07 Заемна - подръчен фонд 26.25 32/К 86 И 120000878256 13.42 Книги
Vip Innovations Ltd, Rousse, Bulgaria 2025